| 000 | 00710cab a2200229 4500 | ||
|---|---|---|---|
| 001 | ABS50886 | ||
| 008 | 090401t1994 xxu||||| |||| 00| 0 eng d | ||
| 035 | _a(Sirsi) u92697 | ||
| 041 | _aeng | ||
| 100 | _aJackson, R. | ||
| 245 | _aCan we cut the Gordian knot? | ||
| 260 | _c1994 | ||
| 350 | _a0 | ||
| 490 |
_aEstates Gazette _v(9423) 11 June 1994, 114-115(2) |
||
| 520 | _aLooks at the `liability` issue surrounding contaminated land, suggesting a `positive planning` solution and setting out advantages for `planning for clean-up`. | ||
| 650 | _aCONTAMINATED LAND | ||
| 650 | _aLIABILITY | ||
| 690 | _aENVIRONMENTAL AND LAND CONSULTANCY | ||
| 690 | _aLAND | ||
| 942 | _n0 | ||
| 948 | _c04/03/1997 | ||
| 999 |
_c58750 _d58750 |
||